History Quiz

Random History Quiz

History of the World (Clickable Years) Quiz Stats

Quiz not verified by Sporcle

Challenge
Share
Tweet
Embed
Score 0/172 Timer 20:00
1 Play Today
% Correct
1066
54.8%
1492
54.2%
800
53.8%
1215
53.7%
79
53.5%
1453
52.8%
1415
52.4%
1347
52.3%
1431
52.1%
1692
51.9%
1775
51.9%
1558
51.6%
732
51.4%
1096
51.3%
1605
51.3%
1616
51.3%
1305
51.2%
410
51.1%
1485
51.1%
711
50.9%
1337
50.9%
1740
50.8%
476
50.7%
1001
50.7%
1762
50.5%
1776
50.5%
1801
50.5%
323 BC
50.2%
1521
49.8%
2200 BC
49.7%
455
49.7%
313
49.6%
1799
49.5%
1602
49.4%
570
49.2%
1439
49.2%
1517
49.2%
1543
49.2%
753 BC
48.9%
776 BC
48.7%
49 BC
48.5%
1147
48.3%
37
48.2%
1299
48.1%
1598
48.1%
1716
48.1%
285
47.9%
1632
47.9%
490 BC
47.9%
1206
47.9%
1296
47.4%
1163
47.3%
1861
47.3%
1077
47.3%
1500
47.1%
1740
46.9%
1792
46.8%
1520
46.8%
% Correct
1640
46.8%
1536
46.7%
480 BC
46.5%
1582
46.5%
1896
46.2%
1532
46.2%
1547
46.1%
1821
46%
1870
46%
202 BC
45.9%
1506
45.7%
1202
45.6%
1512
45.4%
1812
45.4%
1274
45.3%
1836
45.3%
427 BC
45.1%
1881
45.1%
1914
45.1%
1561
44.9%
1888
44.9%
1905
44.9%
384 BC
44.9%
866
44.9%
1189
44.9%
1566
44.9%
1941
44.9%
1929
44.8%
1381
44.6%
1805
44.6%
1380
44.6%
1917
44.6%
1453
44.5%
1117
44.4%
1192
44.4%
1529
44.4%
1901
44.4%
1919
44.1%
1209
44%
1851
44%
1944
44%
1187
43.8%
1118
43.7%
1848
43.7%
1513
43.6%
1531
43.5%
551 BC
43.4%
470 BC
43.4%
885
43.4%
1037
43.3%
874
43.2%
1879
43.2%
1948
43%
1934
42.8%
1924
42.7%
1869
42.6%
1953
42.5%
1853
42.4%
% Correct
1858
42.3%
1867
42.3%
563 BC
42.2%
1949
42.1%
1937
42%
1940
42%
1957
42%
1820
41.9%
1158
41.7%
1945
41.7%
1950
41.6%
1956
40.7%
1930
40.4%
1928
40.3%
1939
40.3%
1947
40%
1922
39.9%
1961
39.9%
1963
39.9%
1925
39.6%
1969
39.6%
1979
38.8%
1968
38.7%
1962
38.5%
1942
38.2%
1943
37.9%
1975
37.8%
1986
37.7%
2011
37.7%
1970
37.6%
2009
37.6%
1974
37.5%
1997
37.1%
1973
36.9%
1991
36.8%
1972
36.7%
1976
36.6%
1977
36.6%
1965
36.5%
2000
36.5%
1982
36.4%
1989
36.4%
1998
36.3%
2016
36.3%
2006
36.1%
1988
35.8%
1984
35.3%
2001
35.3%
1992
34.4%
2004
34.1%
1971
33.9%
2005
33.8%
1995
33.4%
1990
33.4%
1994
33.1%
1978
32.8%

You're not logged in!

Compare scores with friends on all Sporcle quizzes.
Sign Up with Email
OR
Log In

You Might Also Like...

Show Comments

Extras

Top Quizzes Today


Score Distribution

Your Account Isn't Verified!

In order to create a playlist on Sporcle, you need to verify the email address you used during registration. Go to your Sporcle Settings to finish the process.